| 000 | 00691nam a2200217Ia 4500 | ||
|---|---|---|---|
| 005 | 20251103152643.0 | ||
| 008 | 210716s2007 xx 000 0 und d | ||
| 020 | _a9780387204734 | ||
| 040 | _cAIMIT LIBRARY | ||
| 041 | _aeng | ||
| 082 |
_a005.8 _bKIZJ |
||
| 100 |
_aKizza, Joseph Migga. _9243575 |
||
| 245 |
_aComputer network security / _cBy Joseph Migga Kizza. |
||
| 250 | _a1st ed. | ||
| 260 |
_aNew Delhi : _bSpringer , _c2007. |
||
| 300 |
_axxii,534p. ; _bPB _c23.2 cm |
||
| 650 |
_aUnderstanding computer network security _9243576 |
||
| 650 |
_aUnderstanding network security _9243577 |
||
| 650 |
_aAccess control and authorization _9243578 |
||
| 942 |
_2ddc _cBK _e1st _k005.8 KIZJ |
||
| 999 |
_c195162 _d195162 |
||